Normal view
MARC view
Entry Personal Name
001 - CONTROL NUMBER
- control field: 51034
003 - CONTROL NUMBER IDENTIFIER
- control field: dpl
005 - DATE AND TIME OF LATEST TRANSACTION
- control field: 20120814105331.0
008 - FIXED-LENGTH DATA ELEMENTS
- fixed length control field: 120814|||a|||||| | ||| d
040 ## - CATALOGING SOURCE
- Original cataloging agency: dpl
- Transcribing agency: dpl
100 ## - HEADING--PERSONAL NAME
- Personal name: Chowdhury, Biswajit Roy
670 ## - SOURCE DATA FOUND
- Source citation: Work cat.: (dpl): Chowdhury, Biswajit Roy, Sunderbans:, 2009
670 ## - SOURCE DATA FOUND
- Source citation: Work cat.: (dpl): Chowdhury, Biswajit Roy, Sunderbans:, 2009
